El prodigio del "Orlando enamorado" de Andrés Bello

Uloženo v:
Podrobná bibliografie
Hlavní autor: Crema, Eduardo
Médium: Kniha
Jazyk:Undetermined
Vydáno: Caracas, Venezuela Presidencia de la República 1971
Témata:
Tagy: Přidat tag
Žádné tagy, Buďte první, kdo vytvoří štítek k tomuto záznamu!

MARC

LEADER 00000nam a2200000Ia 4500
008 170316s9999 xx 000 0 und d
090 |a 801 C-33p 
100 |a Crema, Eduardo 
245 |a El prodigio del "Orlando enamorado" de Andrés Bello 
260 |a Caracas, Venezuela 
260 |b Presidencia de la República 
260 |c 1971 
300 |a 391 páginas 
650 |a TEORÍA LITERARIA 
650 |a LITERATURA VENEZOLANA 
650 |a BELLO ANDRES 
650 |a ORLANDO ENAMORADO 
999 |c 20190  |d 20190 
040 |a cru BVZT 
942 |c 15 D  |h 801 C-33p  |2 z